01504cam a22003491 4500001001300000003000400013005001700017008004100034010001700075035002000092040004600112042001200158050002100170082001500191110005900206245003700265260002700302300005900329490002400388500019200412500007800604500014400682650004100826650002100867650002500888700003700913700003400950700003400984700004101018830007801059999001701137gs 44000153 DLC20260227111350.0921222s1943 bl ab 000 0 por c ags 44000153  a(OCoLC)27157965 aU.S. Geol. survey. LibrarycCLUdCLUdDLC apremarc00aTN41b.A3 no. 56 a622.0981 s1 aBrazil.bDivisão de Fomento da Produção Mineral.00aBrasil 1942.bRecursos minerais. aRio de Janeiro,c1943. a74 p. incl. tables, diagrs.bmaps (part fold.)c23 cm.1 aIts Boletimvno. 56 aAt head of title: Republica dos estados unidos do Brasil. Ministério da agricultura ... Departamento nacional da produção mineral ...Divisão de fomento da produção mineral ... a"Separata da publicação do Ministério das relações exteriores." aContributions by Henrique Capper Alves de Souza, Waldemar José de Carvalho, Mario da Silva Pinto, and Fabio de Macedo Soares Guimarães. 0aMines and mineral resourceszBrazil. 0aGeologyzBrazil. 0aWater-powerzBrazil.2 aCapper Alves de Souza, Henrique.1 aCarvalho, Waldemar José de.1 aPinto, Mario da Silva,d1907-2 aMacedo Soares Guimarães, Fabio de. 0aBoletim (Brazil. Divisão de Fomento da Produção Mineral) ;vno. 56. c27996d27996